000 00475pab a2200181 454500
008 180718b2002 xxu||||| |||| 00| 0 eng d
100 _aDurga Prasad, D.
245 _aReforming the civil service: need for reorienting government functioning
260 _c2002
300 _ap.6.
362 _a3 Apr
650 _aBureaucracy - India
650 _aIndia
650 _aPublic administration
650 _aCivil service
773 _aFinancial Express
909 _a53468
999 _c53468
_d53468